CS:GO Major Titles - Statistics

General Stats
  • This quiz has been taken 133 times
  • The average score is 34 of 45
Answer Stats
Player Times Won Team(s) % Correct
JW 3 Fnatic
94%
device 2 Astralis
93%
olofmeister 2 Fnatic
92%
FalleN 2 Luminosity/SK
91%
flusha 3 Fnatic
91%
Magisk 1 Astralis
91%
GeT_RiGhT 1 Ninjas in Pyjamas
90%
kennyS 1 EnVyUs
90%
pashaBiceps 1 Virtus.pro
89%
coldzera 2 Luminosity/SK
87%
gla1ve 2 Astralis
87%
KRIMZ 2 Fnatic
87%
Snax 1 Virtus.pro
87%
dupreeh 2 Astralis
86%
NEO 1 Virtus.pro
86%
f0rest 1 Ninjas in Pyjamas
85%
TaZ 1 Virtus.pro
85%
Xyp9x 2 Astralis
83%
byali 1 Virtus.pro
82%
Stewie2K 1 Cloud9
82%
TACO 2 Luminosity/SK
81%
fer 2 Luminosity/SK
79%
Dosia 1 Gambit
78%
pronax 3 Fnatic
78%
Hobbit 1 Gambit
77%
tarik 1 Cloud9
76%
Happy 2 Team LDLC/EnVyUs
75%
shox 1 Team LDLC
75%
Skadoodle 1 Cloud9
75%
apEX 1 EnVyUs
74%
friberg 1 Ninjas in Pyjamas
74%
Kjaerbye 1 Astralis
73%
Zeus 1 Gambit
72%
AdreN 1 Gambit
70%
fnx 2 Luminosity/SK
70%
autimatic 1 Cloud9
68%
NBK- 2 Team LDLC/EnVyUs
68%
mou 1 Gambit
63%
RUSH 1 Cloud9
63%
Xizt 1 Ninjas in Pyjamas
62%
Fifflaren 1 Ninjas in Pyjamas
54%
kioShiMa 2 Team LDLC/EnVyUs
53%
SmithZz 1 Team LDLC
47%
Devilwalk 1 Fnatic
44%
znajder 1 Fnatic
31%
No matching quizzes found
Score Distribution
Percent of People with Each Score
Percentile by Number Answered
Your Score History
You have not taken this quiz